[Event "AUTO-ADV-1568"]
[Site "http://www.queenalice.com/game.php?id=695927"]
[Date "2009.12.10"]
[Round "1"]
[White "jobjarna"]
[Black "ezequiel_2001"]
[Result "1-0"]
[WhiteElo "1927"]
[BlackElo "1976"]

1. d4 Nf6 2. Nf3 b6 3. e3 Bb7 4. Be2 g6 5. O-O Bg7 6. Ne5 d6 7. Nd3 Nc6 8. Bf3
O-O 9. c3 Qc8 10. Nd2 e6 11. e4 Ne7 12. e5 Bxf3 13. Nxf3 dxe5 14. Nfxe5 Nfd5 15.
Nf3 a5 16. Re1 Nc6 17. Nde5 Nxe5 18. Nxe5 Ne7 19. Nd3 Nf5 20. Be3 Nxe3 21. Rxe3
Qb7 22. Qf3 Qc8 23. Qc6 Re8 24. Rae1 Rb8 25. d5 Bh6 26. R3e2 Qb7 27. Qxb7 Rxb7
28. dxe6 f6 29. f3 c5 30. c4 Bg7 31. Nf4 f5 32. Nd5 Bd4+ 33. Kf1 Kg7 34. a4 h6
35. b3 g5 36. e7 Bf6 37. Re6 Bd4 38. Rc6 f4 39. Ree6 Kf7 40. Rxh6 Rexe7 41. Nxe7
Rxe7 42. Rxb6 Bc3 43. g3 fxg3 44. hxg3 Be5 45. Kg2 Kg7 46. Rhg6+ 1-0

[Event "AUTO-ADV-1568"]
[Site "http://www.queenalice.com/game.php?id=695936"]
[Date "2009.12.10"]
[Round "1"]
[White "kako"]
[Black "jobjarna"]
[Result "0-1"]
[WhiteElo "1860"]
[BlackElo "1867"]

1. d4 d5 2. Nc3 c6 3. Nf3 h6 4. g3 Bf5 5. Bg2 Nf6 6. Nh4 Bh7 7. O-O e6 8. Nf3
Bd6 9. Ne5 Qc7 10. Nd3 Nbd7 11. e3 e5 12. Ne2 e4 13. Ndf4 g5 14. Nh3 Bf5 15. a3
Rg8 16. b3 h5 17. Kh1 h4 18. c4 hxg3 19. fxg3 Bxh3 20. Bxh3 Rh8 21. Bxd7+ Nxd7
22. Rg1 Nf6 23. c5 Be7 24. b4 Ng4 25. Rg2 Qd7 26. Qf1 Rh6 27. Bd2 Rf6 28. Qg1
O-O-O 29. Bc1 Rh6 30. Nc3 Rdh8 31. Raa2 Qf5 32. Nd1 Qf3 33. h4 gxh4 0-1

[Event "AUTO-ADV-1568"]
[Site "http://www.queenalice.com/game.php?id=695937"]
[Date "2009.12.10"]
[Round "1"]
[White "jobjarna"]
[Black "kako"]
[Result "1-0"]
[WhiteElo "1945"]
[BlackElo "1883"]

1. d4 d5 2. c4 c6 3. cxd5 cxd5 4. Bf4 Bf5 5. Nc3 a6 6. Qb3 e6 7. Qxb7 Nd7 8. Bc7
Qc8 9. Qxc8+ Rxc8 10. Ba5 Ngf6 11. f3 Bd6 12. e3 Nb8 13. Nd1 O-O 14. a3 e5 15.
Bc3 e4 16. f4 Rc6 17. Ne2 Nbd7 18. h3 Nb6 19. g4 Bd7 20. Bg2 Nc4 21. O-O Rcc8
22. Nc1 Rc6 23. Ne2 g6 24. Be1 h5 25. Bh4 Ne8 26. gxh5 Kg7 27. Be1 Rh8 28. Ng3
f5 29. h6+ Rxh6 30. Rf2 Be7 31. Re2 Bh4 32. Kh2 Ncd6 33. Nc3 Be6 34. b3 Nc7 35.
a4 Rh8 36. Na2 Nce8 37. Rc1 Rxc1 38. Nxc1 Be7 39. Rc2 Kf6 40. Bf1 Bc8 41. Na2
Ke6 42. Be2 Nf6 43. Kg2 Nh5 44. Nxh5 gxh5 45. Nb4 a5 46. Nc6 Bf6 47. Bxa5 Bd7
48. Be1 h4 49. Nb4 Nc8 50. Na6 Ne7 51. Bb5 Bxb5 52. Nc7+ Kf7 53. Nxb5 Rg8+ 54.
Kh2 Rb8 55. b4 Kg6 56. Rc5 Kh5 57. Nd6 Ra8 58. a5 Kg6 59. b5 Rd8 60. Nb7 Rd7 61.
a6 Kh5 62. a7 Rxb7 63. a8=Q Rb6 64. Ba5 Rd6 65. b6 Ng6 66. Qe8 Rd8 67. Qf7 1-0

[Event "Sú fyrsta 2010"]
[Site "http://www.queenalice.com/game.php?id=710102"]
[Date "2010.1.7"]
[Round "-"]
[White "Balrog"]
[Black "jobjarna"]
[Result "0-1"]
[WhiteElo "1788"]
[BlackElo "1883"]

1. e4 c5 2. Nc3 e6 3. Bc4 Nc6 4. Nf3 a6 5. a3 b5 6. Ba2 c4 7. d3 d5 8. Ne2 dxe4
9. dxe4 Qxd1+ 10. Kxd1 Nf6 11. Nc3 Bc5 12. Ke2 Bd4 13. Nd2 Ng4 14. Nd1 Nf6 15.
c3 Bb6 16. f4 O-O 17. h4 Nh5 18. Nf1 f5 19. e5 Bb7 20. Rg1 Bxg1 21. b3 Na5 22.
bxc4 bxc4 23. g3 Rac8 24. Bd2 g6 25. Be1 Rfd8 26. Rb1 Be4 0-1

[Event "Önnur skákin 2010"]
[Site "http://www.queenalice.com/game.php?id=714711"]
[Date "2010.1.16"]
[Round "-"]
[White "jobjarna"]
[Black "Balrog"]
[Result "1-0"]
[WhiteElo "1895"]
[BlackElo "1795"]

1. d4 d5 2. c4 dxc4 3. e3 Nf6 4. Nc3 a6 5. Bxc4 Bf5 6. Qb3 b5 7. Bxf7+ Kd7 8.
Bd5 c6 9. Bf3 Be6 10. d5 Bg8 11. Nge2 e5 12. O-O Kc7 13. Qc2 Bxd5 14. Rd1 Bb4
15. Bxd5 Qf8 16. Bf3 Bc5 17. Ne4 Nxe4 18. Bxe4 a5 19. a4 b4 20. b3 Nd7 21. Bb2
Qe7 22. Rac1 Rad8 23. Bf5 Kb6 24. Bxd7 Rxd7 25. Rxd7 Qxd7 26. Qxc5+ Kb7 27. Bxe5
Rd8 28. Bd4 Qc7 29. Nf4 Re8 30. Nd5 1-0

[Event "Þriðja skákin 2010"]
[Site "http://www.queenalice.com/game.php?id=721680"]
[Date "2010.1.28"]
[Round "-"]
[White "Balrog"]
[Black "jobjarna"]
[Result "0-1"]
[WhiteElo "1798"]
[BlackElo "1959"]

1. e4 c5 2. Bc4 e6 3. Nf3 a6 4. a3 d5 5. exd5 exd5 6. Be2 Nf6 7. d3 h6 8. Bd2
Bd6 9. c3 O-O 10. d4 c4 11. Qc2 Ne4 12. Be3 Bf5 13. Qd1 Nd7 14. Nbd2 Ndf6 15. h3
Bh7 16. O-O Qd7 17. Nh2 Rae8 18. a4 Qc7 19. Ng4 Nxg4 20. Bxg4 f5 21. Nxe4 dxe4
22. Be2 f4 23. Bc1 f3 24. gxf3 exf3 25. Bxf3 Rxf3 26. Qxf3 Be4 27. Qxe4 Rxe4 28.
Be3 Qd7 29. Kg2 Rh4 30. Kf3 Qf5+ 31. Ke2 Qd3+ 0-1

[Event "Fjórða skákin 2010"]
[Site "http://www.queenalice.com/game.php?id=723690"]
[Date "2010.2.1"]
[Round "-"]
[White "jobjarna"]
[Black "Balrog"]
[Result "1-0"]
[WhiteElo "1969"]
[BlackElo "1813"]

1. d4 e6 2. e4 d6 3. Nf3 Be7 4. Bd3 Bd7 5. O-O Nc6 6. c3 Nf6 7. Be3 e5 8. d5 Nb8
9. Nbd2 c6 10. c4 Bg4 11. Qb3 b6 12. Ng5 cxd5 13. cxd5 Bh5 14. Ngf3 O-O 15. h3
h6 16. Qc4 Nbd7 17. b4 a6 18. Nh2 Bg6 19. f3 Nh7 20. Qb3 b5 21. Rfc1 Nb6 22. Rc6
Na4 23. Rac1 Bg5 24. Nhf1 Bxe3+ 25. Nxe3 Qg5 26. Nef1 Rfd8 27. Qc2 Qe7 28. Nb3
Qh4 29. Na5 Qe7 30. Rc7 Qf8 31. Nc6 Nf6 32. Nxd8 Qxd8 33. Rc8 Rxc8 34. Qxc8 Qxc8
35. Rxc8+ Kh7 36. Rc6 Ne8 37. Rxa6 Nc3 38. a3 f6 39. Rc6 Nxe4 40. fxe4 Bf7 41.
Bxb5 g6 42. Ne3 f5 43. Bd3 f4 44. Nd1 g5 45. b5 1-0

[Event "Fimmta skákin 2010"]
[Site "http://www.queenalice.com/game.php?id=730216"]
[Date "2010.2.11"]
[Round "-"]
[White "Balrog"]
[Black "jobjarna"]
[Result "1/2-1/2"]
[WhiteElo "1831"]
[BlackElo "1979"]

1. e4 c5 2. Bc4 e6 3. Nc3 a6 4. a3 Nc6 5. d3 Nd4 6. Nf3 Nxf3+ 7. Qxf3 g6 8. O-O
Bg7 9. Ne2 Qc7 10. c3 Ne7 11. Bf4 d6 12. Bb3 Bd7 13. Rab1 O-O 14. h3 Kh8 15. Bc2
e5 16. Be3 f5 17. c4 fxe4 18. Qxe4 Rf7 19. Nc3 Bf5 20. Qh4 Bf6 21. Qg3 Rg8 22.
Qf3 Be6 23. Qe2 Nf5 24. Ne4 Nd4 25. Qd2 Bg7 26. Bd1 Rgf8 27. b4 Qc6 28. Ng5 Re7
29. h4 Bf5 30. g4 Bc8 31. f3 Ree8 32. Rf2 Bf6 33. Bxd4 exd4 34. Rg2 Re3 35. Be2
Re7 36. Ne4 Be5 37. Bd1 Bf4 38. Qe1 Rff7 39. a4 b6 40. b5 axb5 41. axb5 Qe8 42.
Ra1 Bb7 43. Re2 Be5 44. Qf2 Bxe4 45. Rxe4 Bf4 46. Kg2 Rxe4 47. fxe4 Be5 48. Qe1
Qf8 49. Ra2 h6 50. Ra6 Rb7 51. Qd2 Qf4 52. Qxf4 Bxf4 53. Kf3 Be5 54. Ra8+ Kg7
55. Re8 Kf7 56. Rc8 1/2-1/2

[Event "Sjötta skákin 2010"]
[Site "http://www.queenalice.com/game.php?id=737372"]
[Date "2010.2.25"]
[Round "-"]
[White "jobjarna"]
[Black "Balrog"]
[Result "1-0"]
[WhiteElo "1973"]
[BlackElo "1867"]

1. d4 f5 2. Bg5 h6 3. Bf4 d6 4. e3 Nf6 5. Be2 g6 6. Nc3 c6 7. Nf3 Be6 8. Nd2 Bg7
9. e4 O-O 10. e5 Nd5 11. Nxd5 Bxd5 12. Nf3 Nd7 13. exd6 exd6 14. Bxd6 Qa5+ 15.
c3 Rfe8 16. O-O Re6 17. Bb4 Qc7 18. c4 Be4 19. Bc3 Re7 20. Re1 Rae8 21. Qd2 a6
22. b4 Nf6 23. Ne5 Bxg2 24. Kxg2 Kh7 25. f3 Qd8 26. Qb2 Rc7 27. a4 Nh5 28. Bf1
Qh4 29. Qf2 g5 30. Qxh4 gxh4 31. Bd2 Bf6 32. Bd3 Rg7+ 33. Kf2 Bg5 34. Bxf5+ Kg8
35. Bxg5 hxg5 36. Bg6 Nf6 37. Bxe8 Nxe8 38. Ng4 Kf8 39. Re6 Kf7 40. Rae1 1-0

[Event "AUTO-ADV-1568"]
[Site "http://www.queenalice.com/game.php?id=772271"]
[Date "2010.5.7"]
[Round "2"]
[White "jobjarna"]
[Black "flopp"]
[Result "1-0"]
[WhiteElo "2000"]
[BlackElo "1795"]

1. d4 d5 2. c4 c6 3. e3 Nf6 4. Nc3 Bf5 5. Qb3 Qb6 6. Qa4 e6 7. a3 Nbd7 8. Qd1
Qc7 9. h3 h6 10. Bd3 Bxd3 11. Qxd3 dxc4 12. Qxc4 Bd6 13. Nf3 O-O 14. O-O Nb6 15.
Qd3 Nbd5 16. Nxd5 exd5 17. b4 a6 18. Bb2 Rfe8 19. Rac1 Qe7 20. Ra1 Ne4 21. Ne5
Bxe5 22. dxe5 Ng5 23. Bc3 Ne6 24. f4 Rad8 25. Bb2 Nc7 26. Rac1 Nb5 27. Rf3 Qe6
28. a4 Nc7 29. Rg3 f5 30. exf6 1-0

[Event "AUTO-ADV-1568"]
[Site "http://www.queenalice.com/game.php?id=772272"]
[Date "2010.5.7"]
[Round "2"]
[White "flopp"]
[Black "jobjarna"]
[Result "0-1"]
[WhiteElo "1803"]
[BlackElo "1992"]

1. e4 c5 2. Nc3 e6 3. d3 Nc6 4. g3 Nf6 5. Bg2 h6 6. Nge2 e5 7. O-O d6 8. h3 Be6
9. Nd5 Nh7 10. c4 Ne7 11. Nec3 Nxd5 12. exd5 Bd7 13. Bd2 Be7 14. Re1 O-O 15. f4
f6 16. Rf1 Qc8 17. Kh2 f5 18. fxe5 dxe5 19. Qe2 Qc7 20. b3 a6 21. a4 Bd6 22. Nd1
Rae8 23. Nf2 g5 24. Rae1 Nf6 25. Nh1 Re7 26. Be3 Rg7 27. Qf2 f4 28. Bd2 fxg3+
29. Kxg3 e4+ 0-1

[Event "Jólin 2010"]
[Site "http://www.queenalice.com/game.php?id=877517"]
[Date "2010.12.27"]
[Round "-"]
[White "Balrog"]
[Black "jobjarna"]
[Result "0-1"]
[WhiteElo "1927"]
[BlackElo "1922"]

1. e4 c5 2. c4 e5 3. Nf3 Nc6 4. d3 h6 5. Nc3 d6 6. Nd5 Nf6 7. Be2 Bg4 8. Nh4
Bxe2 9. Qxe2 Nd4 10. Qd1 Nxd5 11. Qa4+ b5 12. cxb5 Nb6 13. Qd1 Qxh4 14. a4 Qd8
15. a5 Nd7 16. O-O Nxb5 17. f4 a6 18. fxe5 Nxe5 19. Bf4 Be7 20. h3 Bf6 21. g4
O-O 22. Rf2 Ng6 23. Be3 Bh4 24. Rf5 Ne5 25. Kg2 f6 26. Rh5 Bg5 27. Bxg5 fxg5 28.
h4 gxh4 29. Qb3+ Kh7 30. Qd1 Ng6 31. Rf5 Rxf5 32. exf5 Nf4+ 33. Kf2 Qf6 34. Qd2
Qd4+ 35. Kf3 Nxd3 36. Rh1 Qd5+ 37. Ke2 Re8+ 38. Qe3 Nf4+ 39. Kf2 Qg2+ 40. Ke1
Rxe3+ 41. Kd1 Qxb2 42. g5 Nc3# 0-1

[Event "Janúarhviða_2011"]
[Site "http://www.queenalice.com/game.php?id=883123"]
[Date "2011.1.8"]
[Round "-"]
[White "jobjarna"]
[Black "Balrog"]
[Result "1-0"]
[WhiteElo "1938"]
[BlackElo "1927"]

1. d4 f5 2. e3 Nf6 3. Nf3 e6 4. Be2 Be7 5. O-O d5 6. Ne5 O-O 7. a3 Qe8 8. b3 c6
9. c3 Ne4 10. Qc2 g5 11. f3 Nd6 12. c4 Rf6 13. Nc3 Nd7 14. c5 Nf7 15. Nd3 Nf8
16. b4 Ng6 17. Bd2 Qf8 18. Nd1 h5 19. N1f2 Qh6 20. g3 Qg7 21. Kh1 g4 22. Bc3 Qh6
23. Bd2 Qh7 24. Rg1 Bd7 25. Raf1 Rf8 26. Bc3 Bd8 27. Be1 Ng5 28. Nf4 Nxf4 29.
exf4 Nxf3 30. Bxf3 gxf3 31. Nd3 Rh6 32. Rxf3 Bc8 33. Re3 Rf7 34. Re2 h4 35.
gxh4+ Kf8 36. Reg2 a6 37. Ne5 Rg7 38. Rxg7 Qxg7 39. Rxg7 Kxg7 40. Nf3 Rg6 41. a4
Kg8 42. Qb3 Bc7 43. Bd2 Rg4 44. Ne5 Bxe5 45. dxe5 Kh7 46. b5 axb5 47. axb5 d4
48. bxc6 Rg7 49. Ba5 Kh6 50. Qb6 bxc6 51. Qd8 Bd7 52. Qf6+ Rg6 53. Qh8# 1-0

[Event "Janúarbylur_2011"]
[Site "http://www.queenalice.com/game.php?id=887965"]
[Date "2011.1.19"]
[Round "-"]
[White "Balrog"]
[Black "jobjarna"]
[Result "0-1"]
[WhiteElo "1882"]
[BlackElo "1954"]

1. e4 e5 2. Nf3 d6 3. Nc3 Nf6 4. h3 Be6 5. Be2 Be7 6. O-O O-O 7. d3 h6 8. Nh2
Nh7 9. Bg4 f5 10. exf5 Bxf5 11. Bxf5 Rxf5 12. f4 Nc6 13. fxe5 Rxf1+ 14. Qxf1
Nxe5 15. Qf5 c6 16. Be3 Bg5 17. Qe6+ Kh8 18. Bd4 Nf8 19. Qf5 Nfd7 20. Rf1 Qe7
21. Qe4 Re8 22. Bxe5 Qxe5 23. Nf3 Qxe4 24. Nxe4 Be7 25. Ng3 d5 26. a3 g6 27. b4
Bd6 28. Kf2 b5 29. Re1 Rxe1 30. Nxe1 Be5 31. Nf3 Bb2 32. Ne2 Bf6 33. c3 Kg7 34.
Nfd4 Nb8 35. c4 dxc4 36. dxc4 bxc4 37. Nc2 Kf7 38. Ke3 Ke7 39. a4 a6 40. Ned4
Kd6 41. Ke4 Nd7 42. Na3 Ne5 43. b5 axb5 44. a5 Nd3 45. Ndxb5+ cxb5 46. Nxb5+ Kc6
47. Na3 Nc5+ 48. Ke3 c3 49. g3 Be5 50. Kf3 Bc7 51. g4 g5 52. Nc2 Bxa5 53. h4 Bc7
0-1

[Event "Sct. Hans spil - 2011"]
[Site "http://www.queenalice.com/game.php?id=954860"]
[Date "2011.6.29"]
[Round "-"]
[White "Balrog"]
[Black "jobjarna"]
[Result "0-1"]
[WhiteElo "1888"]
[BlackElo "1967"]

1. h3 h6 2. e4 e5 3. Bc4 Nf6 4. Nc3 Bc5 5. d3 c6 6. Nf3 d6 7. O-O O-O 8. Nh2 Bb6
9. a3 Kh8 10. Qf3 Be6 11. Ba2 Bxa2 12. Rxa2 Nbd7 13. Ne2 Qe7 14. c3 Qe6 15. c4
c5 16. b3 a6 17. Nc3 Bd8 18. g4 Nh7 19. Qg3 g5 20. Nd5 Nb8 21. Nf3 Nc6 22. b4 b6
23. Kg2 Rg8 24. Bd2 Ra7 25. Ne3 Rg6 26. Ne1 f6 27. f3 Qf7 28. Bc3 Nf8 29. Rh1
Ne6 30. Rb2 Bc7 31. h4 h5 32. gxh5 Rg8 33. hxg5 Rxg5 34. Ng4 Ne7 35. Kf1 f5 36.
exf5 Nxf5 37. Qf2 Nf4 38. Bd2 Rxh5 39. Rxh5+ Qxh5 40. Qh2 Qxh2 41. Nxh2 Ng6 42.
Ng4 Bd8 43. Bc3 Kg7 44. Rg2 Bh4 45. Bd2 Kf7 46. Nc2 Nf4 47. Bxf4 exf4 48. Rh2
Kg6 49. Ke2 cxb4 50. axb4 a5 51. b5 a4 52. Kd2 a3 53. Rh1 a2 54. Na1 Nd4 55. Rf1
Kg5 56. Kc3 Nxf3 57. Nf2 Bxf2 58. Rxf2 Ne5 59. Rg2+ Ng4 60. Rg1 f3 61. Kd2 Kf4
62. Rf1 Re7 63. Nc2 Re2+ 64. Kc3 Ne3 65. Nxe3 Kxe3 66. d4 f2 67. Ra1 Re1 68. c5
dxc5 69. dxc5 Rxa1 70. c6 f1=Q 71. c7 Qc1+ 72. Kb3 Rb1+ 73. Kxa2 Qb2# 0-1